El cuidado de nuestra casa común y el respeto en su integridad por la dignidad humana que nos dejó el papa Francisco. Su correlato con el instituto de la usucapión / (Registro nro. 5483)
[ vista simple ]
| 000 -LEADER | |
|---|---|
| fixed length control field | 01371nab a22002297a 4500 |
| 003 - CONTROL NUMBER IDENTIFIER | |
| control field | OSt |
| 005 - DATE AND TIME OF LATEST TRANSACTION | |
| control field | 20251210102706.0 |
| 008 - FIXED-LENGTH DATA ELEMENTS--GENERAL INFORMATION | |
| fixed length control field | 190604e xxu||||| |||| 00| 0 spa d |
| 040 ## - CATALOGING SOURCE | |
| Transcribing agency | PJ |
| 100 ## - MAIN ENTRY--PERSONAL NAME | |
| 9 (RLIN) | 6479 |
| Personal name | Di Nicco, Jorge A. |
| 245 13 - TITLE STATEMENT | |
| Title | El cuidado de nuestra casa común y el respeto en su integridad por la dignidad humana que nos dejó el papa Francisco. Su correlato con el instituto de la usucapión / |
| Statement of responsibility, etc | Jorge A. Di Nicco, Martín Darío Benítez. |
| 260 ## - PUBLICATION, DISTRIBUTION, ETC. (IMPRINT) | |
| Place of publication, distribution, etc | Ciudad Autónoma de Buenos Aires : |
| Name of publisher, distributor, etc | Thomson Reuters La Ley, |
| Date of publication, distribution, etc | 2025. |
| 300 ## - PHYSICAL DESCRIPTION | |
| Extent | p. 93-126 |
| 500 ## - GENERAL NOTE | |
| General note | Cita Online: TR LALEY AR/DOC/1802/2025.<br/> |
| 505 ## - FORMATTED CONTENTS NOTE | |
| Formatted contents note | Sumario: I. Introducción.— II. La carta encíclica Laudato si y la exhortación apostólica Laudate Deum.— III. La legislación canónica en Argentina.— IV. La usucapión en el Código Civil y Comercial.— V. La Iglesia católica como parte actora o demandada en el juicio de usucapión.— VI. Reflexiones finales. |
| 505 ## - FORMATTED CONTENTS NOTE | |
| Title | ¿Te interesa el texto completo? Solicitalo al correo: koha@justierradelfuego.gov.ar |
| 650 #0 - SUBJECT ADDED ENTRY--TOPICAL TERM | |
| 9 (RLIN) | 352 |
| Topical term or geographic name as entry element | DERECHO CIVIL |
| 650 #0 - SUBJECT ADDED ENTRY--TOPICAL TERM | |
| 9 (RLIN) | 2324 |
| Topical term or geographic name as entry element | PRESCRIPCIÓN ADQUISITIVA |
| 700 ## - ADDED ENTRY--PERSONAL NAME | |
| 9 (RLIN) | 6006 |
| Personal name | Benítez, Martín Darío |
| Función | coautor |
| 773 0# - HOST ITEM ENTRY | |
| Host Biblionumber | 2714 |
| Host Itemnumber | 3171 |
| Place, publisher, and date of publication | Ciudad Autónoma de Buenos Aires : Thomson Reuters La Ley, 2014- |
| Title | Revista anales de legislación argentina. Nº 8 - Agosto 2025. |
| 942 ## - ADDED ENTRY ELEMENTS (KOHA) | |
| Source of classification or shelving scheme | |
| Koha item type | Analítica Artículo de Revista |
No hay ítems disponibles.
